Brawlers suporte no Brawl Stars - Statistics

Estatísticas Gerais
  • Esse quiz foi jogado 17 vezes
  • A pontuação média é 7 de 11
Estatísticas das Respostas
Resposta % Correto
Poco
88%
Byron
81%
Berry
75%
Gus
75%
Kit
63%
Pam
63%
Doug
56%
Gray
56%
Jae Yong
56%
Max
56%
Ruffs
38%
Nenhum quiz correspondente encontrado
Distribuição das Pontuações
Porcentagem de Pessoas com Cada Pontuação
Percentil de Números Respondidos
Sua Pontuação Histórica
Você não jogou esse quiz